| 000 | 00435nam a2200157Ia 4500 | ||
|---|---|---|---|
| 008 | 210210b1999 xxu||||| |||| 00| 0 eng d | ||
| 082 | _a574.192 RAOT | ||
| 100 | _aRAO (A V S S Rama) & SURYALAKSHMI (A). | ||
| 245 | _aTextbook of biochemistry for medical students. | ||
| 250 | _a | ||
| 260 |
_aND _bUBSPD _c1999 |
||
| 300 | _aviii,645 | ||
| 650 | _aBiochemistry for medical students | ||
| 690 | _aBiochemistry | ||
| 906 | _aSG03548 | ||
| 999 |
_c114221 _d114221 |
||